| 000 | 00000nam##2200000za#4500 |
| 001 | 9.576845 |
| 003 | CaOODSP |
| 005 | 20210624185331 |
| 007 | cr ||||||||||| |
| 008 | 150406|1988||||xxc|||||o f|0| 0 eng|d |
| 040 | |aCaOODSP|beng |
| 043 | |an-cn--- |
| 086 | 1 |aFs97-13/721E-PDF |
| 110 | 1 |aCanada. |bDepartment of Fisheries and Oceans. |
| 245 | 10|aSystematic listing of scientific and/or common names of invertebrates, vertebrates and marine plants and their respective codes used by Marine Fish Division, Fisheries and Oceans, Scotia-Fundy Region (Revised) / |h[electronic resource]|cby Randolph J. Losier and Linda E. Waite. |
| 260 | |aSt. Andrews - New Brunswick : |bFisheries and Oceans Canada |c1988. |
| 300 | |a147p.|breferences |
| 490 | 1 |aCanadian data report of fisheries and aquatic sciences|vNo. 721 |
| 500 | |aOn t.p.: Marine Fish Division, Biological Stations, St Andrews, N.B. Catalogue number of the print edition appears in the PDF version. |
| 546 | |a(Résumé en français) |
| 590 | |a13-18-Supp|b2013-08-01 |
| 720 | 1 |aWaite, Linda E. |
| 720 | 1 |aLosier, Randolph J. |
| 830 | #0|aCanadian data report of fisheries and aquatic sciences ;|vNo. 721|w(CaOODSP)9.505124 |
| 856 | 40|ahttp://publications.gc.ca|qPDF|s6585 KB|uhttps://publications.gc.ca/collections/collection_2013/mpo-dfo/Fs97-13-721-eng.pdf|yNo. 721 |